000 00394nam a2200121Ia 4500
008 220620s9999||||xx |||||||||||||| ||und||
245 0 _aEcological Water Quality
_bWater Treatment and Reuse
546 _aEnglish[eng]
650 _aHydrology & the hydrosphere
700 _aVoudouris, Kostas
856 _uhttps://mts.intechopen.com/storage/books/2127/authors_book/authors_book.pdf
942 _cEB
999 _c22938
_d22938